000 00321nam a2200109Ia 4500
008 160609s9999 xx 000 0 und d
245 _aCatia V5-6r2015 Basics Part Ii: Part Modeling
245 _cBy:Tutorial Books
260 _c2015
650 _x3D MODELING
856 _uhttp://file.ebook777.com/CatV56BasParIiParMod.rar
999 _c295711
_d295711